00998nam a22002655a 450000500170000000800410001702000180005804000280007608200190010424500540012326000400017730000410021749000560025850000240031450400410033865000440037965000410042365100100046465300230047465500240049770000490052194200190057099900170058995201260060620151020135154.0151020t2010 gw a frb 001 0 eng d a9783642262906 aEG-ScBUEbengcEG-ScBUE04a615.6bDRU22200aDrug delivery /ceditor Monika Schäfer-Korting. aBerlin :bSpringer-Verlag,cc.2010. axiv, 501 p. :bill. (col.) ;c24 cm.0 aHandbook of experimental pharmacology ;vvolume 197 aIndex : p. 491-500. aIncludes bibliographical references. 7aPharmaceutical chemistry.2BUEsh930027 7aDrug delivery systems.2BUEsh936090 2BUEsh bPPhrmcOctober2015 vReading book9342321 aSchäfer-Korting, Monika, d1952-,eeditor. 2ddck615.6 DRU c20942d20914 00102ddc40708BaccahaMAINbMAINc1STd2015-10-20ePurchaseg2990.00l0o615.6 DRUp000031029r2025-07-15 00:00:00yNB